[Event "Moscow-ch op Superfinal"]
[Site "Ershovo"]
[Date "2024.02.26"]
[Round "6"]
[White "Lisenkov, Svyatoslav"]
[Black "Varankin, Leonid"]
[Result "1-0"]
[WhiteElo "2171"]
[BlackElo "1974"]
[PlyCount "117"]
[EventDate "2024.02.23"]
[EventType "swiss"]
[EventRounds "10"]
[EventCountry "RUS"]
[SourceTitle "CB10_2024"]
[SourceDate "2024.03.06"]
[SourceVersion "1"]
[SourceVersionDate "2024.03.06"]
[SourceQuality "1"]

1. e4 e5 2. Nf3 d6 3. g3 Nf6 4. d3 g6 5. Bg2 Bg7 6. 0-0 0-0 7. c3 Re8 8. a4 a5 9. Na3 Nc6 10. Nc4 Be6 11. Ne3 h6 12. Re1 Qd7 13. Qc2 Rad8 14. Bd2 d5 15. exd5 Nxd5 16. Rad1 Bh3 17. Nc4 Bxg2 18. Kxg2 Qf5 19. Qb3 Re6 20. Nh4 Qh5 21. Nf3 Rf6 22. Ng1 Qf5 23. f3 Nb6 24. Nxb6 cxb6 25. Qxb6 Rxd3 26. Be3 e4 27. Rxd3 exf3+ 28. Nxf3 Qxd3 29. Qb5 Qe4 30. Bf4 Qc2+ 31. Re2 Qb1 32. h4 Kh7 33. Qxb7 Qf5 34. Qb5 Qg4 35. Nh2 Qd7 36. Rd2 Qe7 37. Re2 Qd7 38. Qc4 Rf5 39. Nf3 Qb7 40. Qe4 Qb6 41. Rd2 Nd8 42. Qe3 Qf6 43. Be5 Qe7 44. Bd4 Ne6 45. Re2 Qd7 46. Bxg7 Kxg7 47. Qe4 Rd5 48. Ne5 Qd6 49. Nc4 Qc5 50. b4 Qc6 51. Nxa5 Qd7 52. Nc4 Rd1 53. Ne5 Qc7 54. Nxg6 Qb6 55. Ne5 Qg1+ 56. Kh3 Qf1+ 57. Qg2 Qf5+ 58. Kh2 Rc1 59. Qf2 1-0

[Event "Moscow-ch op Superfinal"]
[Site "Ershovo"]
[Date "2024.02.25"]
[Round "4"]
[White "Varankin, Leonid"]
[Black "Pitirotjirathon, Jirapak"]
[Result "0-1"]
[WhiteElo "1974"]
[BlackElo "2221"]
[PlyCount "86"]
[EventDate "2024.02.23"]
[EventType "swiss"]
[EventRounds "10"]
[EventCountry "RUS"]
[SourceTitle "CB10_2024"]
[SourceDate "2024.03.06"]
[SourceVersion "1"]
[SourceVersionDate "2024.03.06"]
[SourceQuality "1"]

1. d4 e6 2. e4 d5 3. Nc3 Nf6 4. Bg5 Be7 5. Bd3 dxe4 6. Nxe4 Nxe4 7. Bxe7 Qxe7 8. Bxe4 Qb4+ 9. c3 Qxb2 10. Ne2 Nd7 11. a4 Nf6 12. Rb1 Qa2 13. Bf3 0-0 14. 0-0 c6 15. Qd3 Qxa4 16. Ra1 Qb5 17. Qxb5 cxb5 18. Rfb1 Ne8 19. Rxb5 Nd6 20. Rc5 a6 21. c4 Rd8 22. Rb1 g6 23. g4 Bd7 24. Rb6 Be8 25. Rc7 Ra7 26. Nc3 Kf8 27. Kg2 a5 28. Rb1 a4 29. c5 Nc8 30. Rbxb7 Rxb7 31. Bxb7 Ne7 32. c6 a3 33. Rxe7 Kxe7 34. c7 Bc6+ 35. Bxc6 Rc8 36. Na2 Rxc7 37. Ba4 Rc4 38. Bb3 Rxd4 39. f3 Rd2+ 40. Kg3 Rb2 41. Bc4 Kd6 42. Nc3 Kc5 43. Be2 Kb4 0-1

[Event "Moscow-ch op Superfinal"]
[Site "Ershovo"]
[Date "2024.02.24"]
[Round "2"]
[White "Varankin, Leonid"]
[Black "Indzhiev, Aldar"]
[Result "1-0"]
[WhiteElo "1974"]
[BlackElo "2134"]
[PlyCount "84"]
[EventDate "2024.02.23"]
[EventType "swiss"]
[EventRounds "10"]
[EventCountry "RUS"]
[SourceTitle "CB10_2024"]
[SourceDate "2024.03.06"]
[SourceVersion "1"]
[SourceVersionDate "2024.03.06"]
[SourceQuality "1"]

1. d4 Nf6 2. c4 e6 3. Nf3 d5 4. Nc3 c6 5. e3 Nbd7 6. Be2 dxc4 7. Bxc4 b5 8. Bd3 Bb7 9. 0-0 a6 10. b3 c5 11. Bb2 Be7 12. Qe2 0-0 13. Rfd1 Qb8 14. Rac1 cxd4 15. Nxd4 Ne5 16. Bb1 Ng6 17. g3 Rd8 18. a4 b4 19. Na2 Rc8 20. e4 Bc5 21. Rxc5 Rxc5 22. Nxb4 a5 23. Nd3 Ba6 24. Qe1 Rc8 25. e5 Nd5 26. f4 Qb6 27. Nf2 Qb4 28. Ne4 Qxe1+ 29. Rxe1 Nge7 30. Nd6 Rc7 31. Be4 g6 32. Bc1 Rb8 33. Bd2 Nb4 34. g4 Ned5 35. f5 Nc3 36. fxe6 Nxe4 37. Nxe4 fxe6 38. Nf6+ Kf7 39. Nxh7 Nc2 40. Rc1 Rd8 41. Bxa5 Rxd4 42. Bxc7 Rd2 1-0

[Event "Moscow-ch op Superfinal"]
[Site "Ershovo"]
[Date "2024.02.23"]
[Round "1"]
[White "Gubajdullin, Alexey"]
[Black "Varankin, Leonid"]
[Result "1-0"]
[WhiteElo "2253"]
[BlackElo "1974"]
[PlyCount "55"]
[EventDate "2024.02.23"]
[EventType "swiss"]
[EventRounds "10"]
[EventCountry "RUS"]
[SourceTitle "CB10_2024"]
[SourceDate "2024.03.06"]
[SourceVersion "1"]
[SourceVersionDate "2024.03.06"]
[SourceQuality "1"]

1. Nf3 Nf6 2. c4 e6 3. g3 d5 4. b3 Bd6 5. Bb2 0-0 6. Bg2 c5 7. e3 Nc6 8. 0-0 b6 9. Nc3 Ba6 10. Nb5 Bxb5 11. cxb5 Na5 12. d3 a6 13. e4 Be7 14. bxa6 Rxa6 15. Qe2 b5 16. Nd2 Qd7 17. a4 Rfa8 18. axb5 Rb6 19. e5 Ne8 20. Nc4 Rxb5 21. Bc3 Bd8 22. Qe1 Qa7 23. Ra4 Qa6 24. Qd2 Ra7 25. Nxa5 Bxa5 26. Rfa1 Bxc3 27. Qxc3 d4 28. Qc4 1-0

[Event "St Petersburg Korchnoi Memorial op"]
[Site "St Petersburg"]
[Date "2023.08.19"]
[Round "3"]
[White "Varankin, Leonid"]
[Black "Kasperovich, Mikhail"]
[Result "1-0"]
[WhiteElo "1950"]
[BlackElo "1593"]
[PlyCount "69"]
[EventDate "2023.08.18"]
[EventType "swiss"]
[EventRounds "9"]
[EventCountry "RUS"]
[SourceTitle "EXT 2024"]
[Source "ChessBase"]
[SourceDate "2023.10.10"]
[SourceVersion "1"]
[SourceVersionDate "2023.10.10"]
[SourceQuality "1"]

1. e4 c5 2. Nf3 d6 3. c4 Nc6 4. d4 cxd4 5. Nxd4 Nf6 6. Nc3 g6 7. Be2 Bg7 8. Be3 0-0 9. 0-0 Bd7 10. Nc2 Rc8 11. f3 Ne5 12. Na3 a6 13. Rc1 h5 14. b4 Kh7 15. Qd2 b6 16. Rfd1 Qc7 17. h3 Be8 18. Nd5 Nxd5 19. cxd5 Qb7 20. Rxc8 Qxc8 21. Bxb6 Ba4 22. Rc1 Qb7 23. Be3 Rb8 24. Rb1 Rc8 25. f4 Nd7 26. Nc4 Qb8 27. Bd3 Bb5 28. Na5 Bxd3 29. Qxd3 Rc3 30. Qe2 Nf6 31. Bd4 Ra3 32. Nc4 Qb5 33. Qc2 Ra4 34. a3 Nxe4 35. Bxg7 1-0